[Event "Civitanova Marche op 1st"]
[Site "Civitanova Marche"]
[Date "2011.07.23"]
[Round "3"]
[White "Giancotti, Eraldo"]
[Black "Mazzarini, Daniele"]
[Result "1-0"]
[WhiteElo "2070"]
[BlackElo "1813"]
[PlyCount "55"]
[EventDate "2011.07.22"]
[EventType "swiss"]
[EventRounds "4"]
[EventCountry "ITA"]
[SourceTitle "EXT 2024"]
[Source "ChessBase"]
[SourceDate "2023.10.10"]
[SourceVersion "1"]
[SourceVersionDate "2023.10.10"]
[SourceQuality "1"]

1. Nf3 Nf6 2. d4 d5 3. e3 g6 4. c4 c6 5. Nbd2 Bg7 6. Bd3 0-0 7. 0-0 b6 8. Qc2 Nbd7 9. e4 dxc4 10. Bxc4 e6 11. e5 Nd5 12. Ne4 f6 13. exf6 N7xf6 14. Neg5 Bd7 15. Re1 Qc8 16. Ne5 Be8 17. Bd2 Nh5 18. Qb3 Bxe5 19. Rxe5 Ng7 20. Rae1 Bd7 21. Qh3 h5 22. Bd3 Rf6 23. Ne4 Rf8 24. Bh6 Nf4 25. Qg3 Nxd3 26. Qxg6 Rf7 27. Ng5 Qf8 28. Qh7# 1-0